| 000 | 00816nam a22002537a 4500 | ||
|---|---|---|---|
| 003 | OSt | ||
| 005 | 20260530115321.0 | ||
| 008 | 260520b2002 fi ||||| |||| 00| 0 spa d | ||
| 020 | _a9518952817 | ||
| 040 |
_aICI _bspa _cICI |
||
| 041 | _aspa | ||
| 050 | _aNK5300.F5 F56 2002 | ||
| 082 | _2NK5171.F5 F55 | ||
| 245 |
_aFinlandia : _bvanguardia en vidrio |
||
| 260 |
_aHelsinki _bFinnish Glass Museum _c2002 |
||
| 300 |
_a141 paginas: _bilustraciones |
||
| 500 | _aObra ilustrada sobre diseño y arte contemporáneo del vidrio en Finlandia. | ||
| 504 | _aIncluye referencias bibliográficas | ||
| 650 |
_aDiseño en vidrio _xFinlandia. _934464 |
||
| 650 |
_aArtes decorativas _xFinlandia. _934465 |
||
| 651 |
_aFinlandia _xVida cultura _934466 |
||
| 700 |
_aJokinen, Leila _etraductora _98323 |
||
| 942 |
_2lcc _cBK _n1 |
||
| 999 |
_c13801 _d13801 |
||